|
|
|
|
| LEADER |
00000cam a2200000 7i4500 |
| 001 |
0000003856 |
| 005 |
20151222.0 |
| 008 |
070720 |
| 020 |
|
|
|a 9833753572(set)
|
| 020 |
|
|
|a 9838753610
|
| 090 |
0 |
0 |
|a JF
|b ENG (4656)
|
| 100 |
0 |
|
|a Kumara Velu
|
| 245 |
1 |
4 |
|a The case of the missing ring
|c Kumara Velu
|
| 260 |
|
|
|a Selangor :
|b Pustaka Mawar ,
|c 2004
|
| 440 |
|
|
|a Bright life readers
|
| 500 |
|
|
|a Children ages 7-9 years old (orange)
|
| 650 |
|
0 |
|a Junior fiction
|x English
|x Languages
|
| 999 |
|
|
|a 0000970148
|b Book
|c Children Collection
|e Cawangan Bandar Tenggara
|
| 999 |
|
|
|a 0000970149
|b Book
|c Children Collection
|e Perbadanan Perpustakaan Awam Johor
|
| 999 |
|
|
|a 0000970151
|b Book
|c Children Collection
|e Perbadanan Perpustakaan Awam Johor
|
| 999 |
|
|
|a 0000970152
|b Book
|c Children Collection
|e Cawangan Tmn. Ungku Tun Aminah
|